000 00799nam a22001817a 4500
001 0000000885
003 PPM
005 20260401160333.0
008 260401b ||||| |||| 00| 0 eng d
035 _a0000000885
040 _aPPM
_bMalay
_cPusat Penyelidikan Mineral, Jabatan Mineral Dan Geosains Malaysia
_dPPM
_eRDA
100 1 _aLiyana Fariza bt Zaharuddin
_eauthor
245 1 0 _aLaporan PPM K004/2026 : Laporan Orientasi Dalaman Pembantu Penyelidik Q1 Di Pusat Penyelidikan Mineral, Februari 2026 /
_coleh Liyana Fariza bt. Zaharuddin, Ayu Fuzahazni bt. Amri
260 1 _aPerak :
_bPusat Penyelidikan Mineral, Jabatan Mineral Dan Geosains Malaysia ,
_c2026
300 0 0 _a22 pages .:
_bsome colours, illustrations .;
_c29 cm
700 1 _aAyu Fuzahazni bt. Amri
_ejoint author
942 _2ddc
_cRPT
999 _c27185
_d27185